000 00292nam a2200121Ia 4500
008 190216s9999||||xx |||||||||||||| ||und||
100 _aPublication Division Author
245 0 _aSymphony
260 _bUniversity Of Calicut
_c1994
300 _a58p
650 _aEnglish Poetry
942 _cBK
999 _c13829
_d13829